[Event "MNT-chT"]
[Site "Herceg Novi"]
[Date "2007.09.06"]
[Round "4"]
[White "Lekic, Dusan"]
[Black "Krstic, Mladen"]
[Result "1/2-1/2"]
[WhiteElo "2360"]
[BlackElo "2332"]
[PlyCount "56"]
[EventDate "2007.09.03"]
[EventType "team-tourn"]
[EventRounds "9"]
[EventCountry "MNE"]
[SourceTitle "CBM 120 Extra"]
[Source "ChessBase"]
[SourceDate "2007.11.01"]
[SourceVersion "1"]
[SourceVersionDate "2007.11.01"]
[SourceQuality "1"]

1. d4 e6 2. e4 b6 3. Bd3 Bb7 4. Ne2 Nf6 5. Nd2 d5 6. e5 Ng8 7. c3 c5 8. 0-0 Nc6 9. Nf3 c4 10. Bc2 Nge7 11. b3 Na5 12. Nf4 g6 13. g4 Qd7 14. h4 0-0-0 15. Ng5 Ng8 16. Qf3 Nh6 17. Ng2 Kb8 18. Ne3 Rc8 19. b4 Nc6 20. Qf6 Be7 21. Qf4 Bd8 22. Rb1 Re8 23. Kg2 Ka8 24. Rh1 f5 25. gxf5 Nxf5 26. Nxf5 gxf5 27. Rh3 Ne7 28. h5 h6 1/2-1/2

[Event "MNT-chT"]
[Site "Herceg Novi"]
[Date "2007.09.05"]
[Round "3"]
[White "Krstic, Mladen"]
[Black "Dragovic, Aleksandar"]
[Result "1-0"]
[WhiteElo "2332"]
[BlackElo "2278"]
[PlyCount "49"]
[EventDate "2007.09.03"]
[EventType "team-tourn"]
[EventRounds "9"]
[EventCountry "MNE"]
[SourceTitle "CBM 120 Extra"]
[Source "ChessBase"]
[SourceDate "2007.11.01"]
[SourceVersion "1"]
[SourceVersionDate "2007.11.01"]
[SourceQuality "1"]

1. e4 e6 2. d4 d5 3. exd5 exd5 4. Bd3 Bd6 5. Nf3 Bg4 6. 0-0 Ne7 7. Re1 Nbc6 8. c3 Qd7 9. b4 0-0 10. Nbd2 Bf5 11. Bf1 Ng6 12. Nb3 Rae8 13. Be3 Nd8 14. Nc5 Qc8 15. a4 Ne6 16. a5 Nef4 17. Qd2 Be4 18. Ne5 Bxe5 19. dxe5 Nh3+ 20. Kh1 Nxe5 21. Nxe4 dxe4 22. f4 Rd8 23. Bd4 Ng4 24. gxh3 e3 25. Qg2 1-0

[Event "MNT-chT 1st"]
[Site "Herceg Novi"]
[Date "2006.09.30"]
[Round "9"]
[White "Sibarevic, Milenko"]
[Black "Krstic, Mladen"]
[Result "1/2-1/2"]
[WhiteElo "2342"]
[BlackElo "2301"]
[PlyCount "76"]
[EventDate "2006.09.22"]
[EventType "team-tourn"]
[EventRounds "11"]
[EventCountry "MNE"]
[SourceTitle "CBM 114 Extra"]
[Source "ChessBase"]
[SourceDate "2006.11.03"]
[SourceVersion "1"]
[SourceVersionDate "2006.11.03"]
[SourceQuality "1"]

1. e4 c6 2. c4 g6 3. d4 Bg7 4. Nc3 d6 5. Be2 Nf6 6. Nf3 0-0 7. 0-0 h6 8. h3 d5 9. e5 Ne4 10. Bd3 Nxc3 11. bxc3 Be6 12. cxd5 cxd5 13. Nh4 Qc8 14. Be3 Bd7 15. Rc1 Nc6 16. c4 dxc4 17. Bxc4 e6 18. f4 Qd8 19. Qe1 Ne7 20. g4 Rc8 21. Bb3 Rxc1 22. Qxc1 Nd5 23. Bxd5 Qxh4 24. Bg2 Rc8 25. Qd2 Bc6 26. Rc1 Qd8 27. Bxc6 bxc6 28. f5 exf5 29. gxf5 gxf5 30. Qg2 Kh7 31. Rxc6 Rxc6 32. Qxc6 Qa5 33. Qf3 Kg8 34. Qa8+ Kh7 35. Qf3 Qxa2 36. Qxf5+ Kg8 37. Qc8+ Kh7 38. Qf5+ Kg8 1/2-1/2

[Event "MNT-chT 1st"]
[Site "Herceg Novi"]
[Date "2006.09.25"]
[Round "4"]
[White "Krstic, Mladen"]
[Black "Dragasevic, Srdjan"]
[Result "1/2-1/2"]
[WhiteElo "2301"]
[BlackElo "2299"]
[PlyCount "24"]
[EventDate "2006.09.22"]
[EventType "team-tourn"]
[EventRounds "11"]
[EventCountry "MNE"]
[SourceTitle "CBM 114 Extra"]
[Source "ChessBase"]
[SourceDate "2006.11.03"]
[SourceVersion "1"]
[SourceVersionDate "2006.11.03"]
[SourceQuality "1"]

1. e4 c6 2. d4 d5 3. exd5 cxd5 4. Bd3 Nc6 5. c3 Nf6 6. Bf4 e6 7. Nf3 Bd6 8. Bg3 Qc7 9. 0-0 Bxg3 10. hxg3 0-0 11. Re1 Bd7 12. Nbd2 Rab8 1/2-1/2

[Event "MNT-ch 58th"]
[Site "Cetinje"]
[Date "2006.07.22"]
[Round "8"]
[White "Nikac, Predrag"]
[Black "Krstic, Mladen"]
[Result "1-0"]
[WhiteElo "2354"]
[BlackElo "2301"]
[PlyCount "117"]
[EventDate "2006.07.15"]
[EventType "swiss"]
[EventRounds "9"]
[EventCountry "MNE"]
[SourceTitle "EXT 2023"]
[Source "ChessBase"]
[SourceDate "2022.10.05"]
[SourceVersion "1"]
[SourceVersionDate "2022.10.05"]
[SourceQuality "1"]

1. e4 d5 2. exd5 Qxd5 3. Nc3 Qd8 4. d4 Nf6 5. Nf3 a6 6. Ne5 e6 7. Be3 Nbd7 8. Qf3 Bb4 9. Bd3 Nxe5 10. dxe5 Nd5 11. Bd2 Nxc3 12. bxc3 Bf8 13. Be4 c6 14. Rb1 Be7 15. Be3 0-0 16. Bb6 Qe8 17. Qd3 h6 18. 0-0 f5 19. exf6 Bxf6 20. Bc5 Be7 21. Bh7+ Kh8 22. Bg6 Qxg6 23. Qxg6 Bxc5 24. c4 e5 25. Qg3 b6 26. Rbe1 Be6 27. Rxe5 Bxc4 28. Rxc5 bxc5 29. Re1 Bxa2 30. Qa3 Bg8 31. Qxc5 a5 32. h3 a4 33. Re3 a3 34. Rxa3 Rxa3 35. Qxa3 Rf5 36. Qe3 c5 37. Kh2 c4 38. g4 Rf8 39. h4 Bh7 40. Qe2 c3 41. g5 hxg5 42. hxg5 Bg6 43. Kg3 Rd8 44. Qg4 Rf8 45. Qh4+ Kg8 46. Qc4+ Kh7 47. Qxc3 Rf5 48. f4 Rd5 49. Qc6 Rd1 50. c4 Bf5 51. c5 Rd3+ 52. Kf2 Rd2+ 53. Ke3 Rd3+ 54. Ke2 Rd4 55. Qc7 Kg6 56. c6 Rc4 57. Ke3 Rc2 58. Qe5 Bg4 59. Qe8+ 1-0

[Event "SCG-chT2"]
[Site "Sutomore"]
[Date "2004.09.13"]
[Round "6.3"]
[White "Krstic, Mladen"]
[Black "Podinic, Vladimir"]
[Result "1/2-1/2"]
[WhiteElo "2276"]
[BlackElo "2408"]
[PlyCount "101"]
[EventDate "2004.09.10"]
[EventType "team"]
[EventRounds "9"]
[EventCountry "YUG"]
[SourceTitle "CBM 102 Extra"]
[Source "ChessBase"]
[SourceDate "2004.11.03"]
[SourceVersion "1"]
[SourceVersionDate "2004.11.03"]
[SourceQuality "1"]
[WhiteTeam "08"]
[BlackTeam "07"]
[WhiteTeamCountry "YUG"]
[BlackTeamCountry "YUG"]

1. e4 c5 2. Nf3 e6 3. c4 d6 4. d4 cxd4 5. Nxd4 Nf6 6. Nc3 Be7 7. Be2 0-0 8. Be3 a6 9. 0-0 Qc7 10. Rc1 b6 11. f4 Nbd7 12. b4 Bb7 13. f5 e5 14. Nd5 Qd8 15. Nb3 Nxe4 16. Bf3 Bg5 17. Bxe4 Bxe3+ 18. Nxe3 Bxe4 19. Qxd6 Qg5 20. Qd2 Rad8 21. Nd5 Qxd2 22. Ne7+ Kh8 23. Nxd2 Ba8 24. Nb3 Rfe8 25. f6 Nxf6 26. Nf5 g6 27. Ne3 Kg7 28. c5 bxc5 29. Nxc5 Rd2 30. Rf2 Red8 31. Rxd2 Rxd2 32. Rc2 Rd6 33. h3 Ne4 34. Nc4 Rd1+ 35. Kh2 Nxc5 36. bxc5 Be4 37. Rf2 f6 38. Nd6 Bc6 39. Rc2 f5 40. Nc4 Be4 41. c6 Bxc6 42. Nxe5 Be4 43. Rb2 Kf6 44. Nc4 Kg5 45. Kg3 f4+ 46. Kf2 Bd3 47. Nd2 Kf5 48. g3 fxg3+ 49. Kxg3 Bb5 50. a3 Rg1+ 51. Kf2 1/2-1/2

[Event "SCG-chT2"]
[Site "Sutomore"]
[Date "2004.09.10"]
[Round "1.3"]
[White "Krstic, Mladen"]
[Black "Podlesnik, Bogdan"]
[Result "0-1"]
[WhiteElo "2276"]
[BlackElo "2363"]
[PlyCount "96"]
[EventDate "2004.09.10"]
[EventType "team"]
[EventRounds "9"]
[EventCountry "YUG"]
[SourceTitle "CBM 102 Extra"]
[Source "ChessBase"]
[SourceDate "2004.11.03"]
[SourceVersion "1"]
[SourceVersionDate "2004.11.03"]
[SourceQuality "1"]
[WhiteTeam "08"]
[BlackTeam "01"]
[WhiteTeamCountry "YUG"]
[BlackTeamCountry "YUG"]

1. e4 c5 2. Nf3 Nc6 3. Bb5 e6 4. 0-0 Nge7 5. c3 d5 6. exd5 Qxd5 7. d4 cxd4 8. c4 Qd6 9. Nxd4 Bd7 10. Nxc6 Qxd1 11. Rxd1 bxc6 12. Ba4 Nf5 13. Nc3 Rc8 14. Ne4 e5 15. Be3 Nxe3 16. fxe3 Rc7 17. Nd6+ Ke7 18. c5 g6 19. Bb3 Be6 20. Rd3 Bg7 21. e4 Rb8 22. Rf1 f6 23. Rff3 Bg4 24. Rg3 Bd7 25. Nf5+ Kf8 26. Nxg7 Kxg7 27. Rd6 Rb4 28. Rf3 f5 29. exf5 Bxf5 30. Re3 e4 31. h3 h5 32. Kh2 h4 33. g3 a5 34. gxh4 a4 35. Be6 Rxb2+ 36. Kg3 Bxe6 37. Rxe6 Rxa2 38. R3xe4 Ra3+ 39. Kg4 Ra1 40. Re1 Rxe1 41. Rxe1 Kh6 42. Ra1 Ra7 43. Ra3 Ra5 44. Kf4 Kh5 45. Kg3 Ra7 46. Kf4 Ra5 47. Kg3 Rxc5 48. Rxa4 Rc3+ 0-1

[Event "Serbia/Montenegro-chT"]
[Site "Budva"]
[Date "2003.05.18"]
[Round "?"]
[White "Nikac, Predrag"]
[Black "Krstic, Mladen"]
[Result "1-0"]
[WhiteElo "2346"]
[BlackElo "2288"]
[PlyCount "51"]
[EventDate "2003.05.18"]
[EventType "team"]
[EventRounds "6"]
[EventCountry "YUG"]
[SourceTitle "CBM 094 Extra"]
[Source "ChessBase"]
[SourceDate "2003.07.09"]
[SourceVersion "2"]
[SourceVersionDate "2003.07.09"]
[SourceQuality "1"]

1. e4 e5 2. Nf3 Nc6 3. Bc4 Nf6 4. d3 Be7 5. 0-0 0-0 6. Re1 d6 7. a4 Na5 8. Ba2 c5 9. Nbd2 Nc6 10. c3 a6 11. Nf1 Qc7 12. Ng3 Ne8 13. h3 g6 14. Bh6 Ng7 15. d4 Kh8 16. Qd2 f6 17. Rad1 Nd8 18. b4 Nf7 19. bxc5 dxc5 20. dxe5 Nxe5 21. Nxe5 fxe5 22. Qd5 Rb8 23. Re3 b6 24. Rf3 Bb7 25. Qd7 Rbc8 26. Rxf8+ 1-0

[Event "YUG-chT Cup"]
[Site "Becici"]
[Date "1994.??.??"]
[Round "?"]
[White "Sahovic, Dragutin"]
[Black "Krstic, Mladen"]
[Result "1-0"]
[WhiteElo "2435"]
[BlackElo "2290"]
[PlyCount "91"]
[EventDate "1994.??.??"]
[EventType "team"]
[EventRounds "6"]
[EventCountry "YUG"]
[SourceTitle "EXT 2000"]
[Source "ChessBase"]
[SourceDate "1999.11.16"]
[SourceVersion "1"]
[SourceVersionDate "1999.11.16"]
[SourceQuality "1"]

1. d4 d5 2. c4 c6 3. Nf3 e6 4. Qc2 Bd6 5. e4 dxe4 6. Qxe4 Nf6 7. Qh4 Qa5+ 8. Nc3 Qh5 9. Qxh5 Nxh5 10. Ne5 Nd7 11. f4 Nhf6 12. Be3 0-0 13. 0-0-0 a6 14. g3 Bb4 15. Bg2 Ne8 16. Kc2 Nd6 17. b3 f6 18. Nd3 Ba5 19. Rhe1 Re8 20. Bf2 Rb8 21. b4 Bc7 22. c5 Nf7 23. d5 cxd5 24. Nxd5 Bd8 25. Nc3 Nf8 26. c6 b6 27. a4 Re7 28. b5 Ng6 29. h4 Ra7 30. Nb2 e5 31. a5 Bf5+ 32. Be4 Bxe4+ 33. Rxe4 axb5 34. Rxd8+ Rxd8 35. axb6 Raa8 36. c7 Re8 37. b7 Nd6 38. bxa8Q Rxa8 39. Rb4 Rc8 40. Bb6 exf4 41. gxf4 Kf7 42. Nxb5 Nxb5 43. Rxb5 Ne7 44. Nc4 Ke6 45. Kd3 g6 46. Kd4 1-0

[Event "YUG-chT Cup"]
[Site "Becici"]
[Date "1994.??.??"]
[Round "?"]
[White "Tringov, Georgi Petrov"]
[Black "Krstic, Mladen"]
[Result "1-0"]
[WhiteElo "2435"]
[BlackElo "2290"]
[PlyCount "81"]
[EventDate "1994.??.??"]
[EventType "team"]
[EventRounds "6"]
[EventCountry "YUG"]
[SourceTitle "EXT 2000"]
[Source "ChessBase"]
[SourceDate "1999.11.16"]
[SourceVersion "1"]
[SourceVersionDate "1999.11.16"]
[SourceQuality "1"]

1. e4 e5 2. Nf3 Nc6 3. Bb5 a6 4. Ba4 Nf6 5. 0-0 b5 6. Bb3 Nxe4 7. d4 d5 8. dxe5 Be6 9. Qe2 Be7 10. c3 0-0 11. Bc2 Bf5 12. Nd4 Nxd4 13. cxd4 Bg6 14. f3 Ng5 15. Bxg5 Bxg5 16. f4 Bxc2 17. Qxc2 Be7 18. Qc6 Bb4 19. Nc3 Bxc3 20. Qxc3 c5 21. dxc5 d4 22. Qf3 d3 23. Rfd1 Qd4+ 24. Qf2 Qd5 25. Rac1 Rfd8 26. b3 Rac8 27. Qe3 b4 28. Rd2 a5 29. Rc4 Rc6 30. h3 Kf8 31. Kf2 g6 32. Ke1 f6 33. Kd1 fxe5 34. fxe5 Kg7 35. Rf2 Re6 36. Rh4 h5 37. Rhf4 Qxe5 38. Rf7+ Kg8 39. Qxe5 Rxe5 40. c6 d2 41. Rd7 1-0

[Event "Budapest IM-A"]
[Site "Budapest"]
[Date "1990.??.??"]
[Round "10"]
[White "Krstic, Mladen"]
[Black "Bacso, Gabor"]
[Result "1/2-1/2"]
[WhiteElo "2280"]
[BlackElo "2305"]
[PlyCount "20"]
[EventDate "1990.??.??"]
[EventType "tourn"]
[EventRounds "13"]
[EventCountry "HUN"]
[EventCategory "4"]
[SourceTitle "EXT 1997"]
[Source "ChessBase"]
[SourceDate "1996.11.15"]
[SourceVersion "1"]
[SourceVersionDate "1996.11.15"]
[SourceQuality "1"]

1. e4 e6 2. d4 d5 3. Nc3 Nf6 4. e5 Nfd7 5. f4 c5 6. Nf3 Nc6 7. Be3 cxd4 8. Nxd4 Nxd4 9. Bxd4 Bc5 10. Qd2 Bxd4 1/2-1/2

[Event "Budapest IM-A"]
[Site "Budapest"]
[Date "1990.??.??"]
[Round "4"]
[White "Meszaros, Attila"]
[Black "Krstic, Mladen"]
[Result "0-1"]
[WhiteElo "2355"]
[BlackElo "2280"]
[PlyCount "64"]
[EventDate "1990.??.??"]
[EventType "tourn"]
[EventRounds "13"]
[EventCountry "HUN"]
[EventCategory "4"]
[SourceTitle "EXT 1997"]
[Source "ChessBase"]
[SourceDate "1996.11.15"]
[SourceVersion "1"]
[SourceVersionDate "1996.11.15"]
[SourceQuality "1"]

1. d4 e6 2. c4 c5 3. Nf3 cxd4 4. Nxd4 Nf6 5. e3 Nc6 6. Be2 a6 7. 0-0 Qc7 8. b3 h5 9. Bb2 Ng4 10. Nf3 Bd6 11. h3 b6 12. Nbd2 Bb7 13. Ne4 Bh2+ 14. Kh1 f5 15. Neg5 0-0-0 16. Rc1 Nce5 17. Ba3 Nxf3 18. Bxf3 Bc6 19. Nf7 Rdf8 20. Nd6+ Kb8 21. c5 b5 22. Bxc6 dxc6 23. g3 g5 24. hxg4 hxg4 25. Kg2 Qh7 26. f4 Bxg3 27. Rh1 Bh2 28. Kf1 gxf4 29. exf4 Qh3+ 30. Ke2 Qg2+ 31. Kd3 Rh3+ 32. Kd4 Qd5# 0-1

[Event "YUG-chT FL"]
[Site "Arandjelovac"]
[Date "1990.??.??"]
[Round "4"]
[White "Radibratovic, Predrag"]
[Black "Krstic, Mladen"]
[Result "1/2-1/2"]
[WhiteElo "2355"]
[BlackElo "2280"]
[PlyCount "75"]
[EventDate "1990.??.??"]
[EventType "team"]
[EventRounds "11"]
[EventCountry "YUG"]
[SourceTitle "EXT 1997"]
[Source "ChessBase"]
[SourceDate "1996.11.15"]
[SourceVersion "1"]
[SourceVersionDate "1996.11.15"]
[SourceQuality "1"]

1. e4 e5 2. Nf3 Nc6 3. Bb5 a6 4. Bxc6 dxc6 5. 0-0 Bg4 6. h3 h5 7. d3 Qf6 8. Nbd2 Ne7 9. Re1 Ng6 10. Nf1 Bxf3 11. Qxf3 Qxf3 12. gxf3 Bd6 13. Kg2 Kd7 14. Ne3 Nf4+ 15. Kh2 g6 16. Nc4 Ne6 17. c3 Raf8 18. Be3 f5 19. Rad1 f4 20. Bc1 c5 21. Kg2 g5 22. Rh1 Rh7 23. Kf1 b5 24. Nxd6 Kxd6 25. b3 Kc6 26. Bb2 Rd7 27. c4 Kd6 28. cxb5 axb5 29. a3 Ra8 30. Ke2 c6 31. Ra1 Rda7 32. Ra2 Rg8 33. Rg1 Rag7 34. Raa1 Rh7 35. Kd2 Rhg7 36. Ke2 Ra7 37. Ra2 Rga8 38. Rga1 1/2-1/2

[Event "YUG-chT FL"]
[Site "Arandjelovac"]
[Date "1990.??.??"]
[Round "1"]
[White "Vebic, Kasem"]
[Black "Krstic, Mladen"]
[Result "1-0"]
[WhiteElo "2265"]
[BlackElo "2280"]
[PlyCount "77"]
[EventDate "1990.??.??"]
[EventType "team"]
[EventRounds "11"]
[EventCountry "YUG"]
[SourceTitle "EXT 1997"]
[Source "ChessBase"]
[SourceDate "1996.11.15"]
[SourceVersion "1"]
[SourceVersionDate "1996.11.15"]
[SourceQuality "1"]

1. Nf3 Nf6 2. d4 d5 3. Bf4 e6 4. Nbd2 b6 5. h3 Bd6 6. Ne5 0-0 7. e3 c5 8. c3 Ba6 9. Bxa6 Nxa6 10. Qa4 Nb8 11. 0-0 a6 12. Qd1 Qc7 13. Bh2 Nc6 14. f4 b5 15. g4 Ne4 16. Nxe4 dxe4 17. Nxc6 Qxc6 18. f5 Bxh2+ 19. Kxh2 e5 20. dxe5 Rad8 21. Qe1 Rd3 22. Qg3 Qd5 23. Rf2 Re8 24. e6 fxe6 25. fxe6 Qxe6 26. Raf1 h6 27. Rf5 Red8 28. R1f2 Rd2 29. h4 Kh7 30. h5 R8d5 31. Kh3 Rd1 32. Qg2 Re1 33. Qg3 Rd3 34. Re5 Qxa2 35. g5 hxg5 36. Rxg5 Qe6+ 37. Kh2 Qe7 38. Rg2 Rd7 39. Qxe1 1-0

[Event "YUG-Cup 30th"]
[Site "Pula"]
[Date "1987.05.22"]
[Round "5.1"]
[White "Krstic, Mladen"]
[Black "Skembris, Spyridon"]
[Result "1/2-1/2"]
[WhiteElo "2230"]
[BlackElo "2400"]
[PlyCount "56"]
[EventDate "1987.05.18"]
[EventType "team-swiss"]
[EventRounds "5"]
[EventCountry "YUG"]
[SourceTitle "EXT 2018"]
[Source "ChessBase"]
[SourceDate "2017.10.13"]
[SourceVersion "1"]
[SourceVersionDate "2017.10.13"]
[SourceQuality "1"]
[WhiteTeam "Titograd"]
[BlackTeam "Sarajevo Sarajevski SK"]
[WhiteTeamCountry "YUG"]
[BlackTeamCountry "YUG"]

1. e4 c6 2. d4 d5 3. Nd2 dxe4 4. Nxe4 Nf6 5. Ng3 h5 6. h4 Qc7 7. Bd3 c5 8. dxc5 Nbd7 9. c3 Nxc5 10. Bc2 Bg4 11. Nf3 e6 12. Qe2 0-0-0 13. Bg5 Be7 14. 0-0 Nd5 15. Bxe7 Qxe7 16. Qc4 Nb6 17. Qf4 Bxf3 18. Qxf3 Nc4 19. Qe2 Nxb2 20. Nf5 Qc7 21. Nd4 a6 22. a4 Kb8 23. Rfb1 e5 24. Nb5 axb5 25. Rxb2 bxa4 26. Be4 Rh6 27. Bxb7 Nxb7 28. Rab1 Re6 1/2-1/2